<?xml version="1.0" encoding="UTF-8"?>
<record
    xmlns:xsi="http://www.w3.org/2001/XMLSchema-instance"
    xsi:schemaLocation="http://www.loc.gov/MARC21/slim http://www.loc.gov/standards/marcxml/schema/MARC21slim.xsd"
    xmlns="http://www.loc.gov/MARC21/slim">

  <leader>01315nam0a22002771  4500</leader>
  <controlfield tag="001">rc\1660801</controlfield>
  <controlfield tag="005">20260405222545.0</controlfield>
  <datafield tag="035" ind1=" " ind2=" ">
    <subfield code="a">(NLR Aleph) 005285911</subfield>
  </datafield>
  <datafield tag="090" ind1=" " ind2=" ">
    <subfield code="a">6143392</subfield>
    <subfield code="c">6143392</subfield>
  </datafield>
  <datafield tag="100" ind1=" " ind2=" ">
    <subfield code="a">20061002d1891    |||y0rusy50      ca</subfield>
  </datafield>
  <datafield tag="101" ind1="0" ind2=" ">
    <subfield code="a">rus</subfield>
  </datafield>
  <datafield tag="102" ind1=" " ind2=" ">
    <subfield code="a">RU</subfield>
  </datafield>
  <datafield tag="105" ind1=" " ind2=" ">
    <subfield code="a">y   z   |||||</subfield>
  </datafield>
  <datafield tag="200" ind1="1" ind2=" ">
    <subfield code="a">&#x41E; &#x43F;&#x44C;&#x44F;&#x43D;&#x441;&#x442;&#x432;&#x435;</subfield>
    <subfield code="e">&#x421; &#x43F;&#x440;&#x435;&#x434;&#x438;&#x441;&#x43B;. &#x433;&#x440;. &#x41B;.&#x41D;. &#x422;&#x43E;&#x43B;&#x441;&#x442;&#x43E;&#x433;&#x43E;: "&#x414;&#x43B;&#x44F; &#x447;&#x435;&#x433;&#x43E; &#x43B;&#x44E;&#x434;&#x438; &#x43E;&#x434;&#x443;&#x440;&#x43C;&#x430;&#x43D;&#x438;&#x432;&#x430;&#x44E;&#x442;&#x441;&#x44F;?"</subfield>
    <subfield code="f">[&#x414;-&#x440; &#x41F;.&#x421;. &#x410;&#x43B;&#x435;&#x43A;&#x441;&#x435;&#x435;&#x432;]</subfield>
  </datafield>
  <datafield tag="210" ind1=" " ind2=" ">
    <subfield code="a">&#x41C;&#x43E;&#x441;&#x43A;&#x432;&#x430;</subfield>
    <subfield code="c">&#x440;&#x435;&#x434;. &#x436;&#x443;&#x440;&#x43D;. "&#x420;&#x443;&#x441;&#x441;&#x43A;&#x430;&#x44F; &#x43C;&#x44B;&#x441;&#x43B;&#x44C;"</subfield>
    <subfield code="d">1891</subfield>
  </datafield>
  <datafield tag="215" ind1=" " ind2=" ">
    <subfield code="a">[4], 185, [2] &#x441;.</subfield>
    <subfield code="d">20</subfield>
  </datafield>
  <datafield tag="300" ind1=" " ind2=" ">
    <subfield code="a">&#x410;&#x432;&#x442;. &#x443;&#x43A;&#x430;&#x437;&#x430;&#x43D; &#x43F;&#x435;&#x440;&#x435;&#x434; &#x437;&#x430;&#x433;&#x43B;.</subfield>
  </datafield>
  <datafield tag="464" ind1=" " ind2="0">
    <subfield code="1">2001#$a&#x414;&#x43B;&#x44F; &#x447;&#x435;&#x433;&#x43E; &#x43B;&#x44E;&#x434;&#x438; &#x43E;&#x434;&#x443;&#x440;&#x43C;&#x430;&#x43D;&#x438;&#x432;&#x430;&#x44E;&#x442;&#x441;&#x44F;?</subfield>
    <subfield code="1">700#1$3RU\NLR\AUTH\771515$7ca$a&#x422;&#x43E;&#x43B;&#x441;&#x442;&#x43E;&#x439;$b&#x41B;. &#x41D;.$f1828-1910$g&#x41B;&#x435;&#x432; &#x41D;&#x438;&#x43A;&#x43E;&#x43B;&#x430;&#x435;&#x432;&#x438;&#x447;</subfield>
    <subfield code="t">&#x414;&#x43B;&#x44F; &#x447;&#x435;&#x433;&#x43E; &#x43B;&#x44E;&#x434;&#x438; &#x43E;&#x434;&#x443;&#x440;&#x43C;&#x430;&#x43D;&#x438;&#x432;&#x430;&#x44E;&#x442;&#x441;&#x44F;?</subfield>
    <subfield code="a">&#x422;&#x43E;&#x43B;&#x441;&#x442;&#x43E;&#x439;, &#x41B;&#x435;&#x432; &#x41D;&#x438;&#x43A;&#x43E;&#x43B;&#x430;&#x435;&#x432;&#x438;&#x447; (1828-1910)</subfield>
  </datafield>
  <datafield tag="700" ind1=" " ind2="1">
    <subfield code="8">rus</subfield>
    <subfield code="7">ca</subfield>
    <subfield code="a">&#x410;&#x43B;&#x435;&#x43A;&#x441;&#x435;&#x435;&#x432;</subfield>
    <subfield code="b">&#x41F;. &#x421;.</subfield>
    <subfield code="c">&#x432;&#x440;&#x430;&#x447;, &#x43F;&#x443;&#x431;&#x43B;&#x438;&#x446;&#x438;&#x441;&#x442;</subfield>
    <subfield code="f">1849-1913</subfield>
    <subfield code="g">&#x41F;&#x435;&#x442;&#x440; &#x421;&#x435;&#x43C;&#x435;&#x43D;&#x43E;&#x432;&#x438;&#x447;</subfield>
    <subfield code="3">RU\NLR\AUTH\77100813</subfield>
    <subfield code="9">83739</subfield>
  </datafield>
  <datafield tag="801" ind1=" " ind2="0">
    <subfield code="a">RU</subfield>
    <subfield code="b">NLR</subfield>
    <subfield code="c">20061002</subfield>
    <subfield code="g">psbo</subfield>
  </datafield>
  <datafield tag="801" ind1=" " ind2="0">
    <subfield code="a">RU</subfield>
    <subfield code="b">RuMoRGB</subfield>
    <subfield code="c">20061002</subfield>
    <subfield code="2">psbo</subfield>
  </datafield>
  <datafield tag="801" ind1=" " ind2="1">
    <subfield code="a">RU</subfield>
    <subfield code="b">ProSoft-M</subfield>
    <subfield code="c">20061002</subfield>
    <subfield code="2">rusmarc</subfield>
  </datafield>
  <datafield tag="801" ind1=" " ind2="2">
    <subfield code="a">RU</subfield>
    <subfield code="b">NLR</subfield>
    <subfield code="c">20130704</subfield>
    <subfield code="2">rusmarc</subfield>
  </datafield>
  <datafield tag="852" ind1=" " ind2=" ">
    <subfield code="a">NLR</subfield>
    <subfield code="j">18.266.8.38</subfield>
  </datafield>
  <datafield tag="942" ind1=" " ind2=" ">
    <subfield code="c">BOOK</subfield>
  </datafield>
  <datafield tag="980" ind1=" " ind2=" ">
    <subfield code="a">NB</subfield>
  </datafield>
  <datafield tag="995" ind1=" " ind2=" ">
    <subfield code="5">2013-10-26</subfield>
    <subfield code="b">NLR02</subfield>
    <subfield code="c">NLR02</subfield>
    <subfield code="e">RFS</subfield>
    <subfield code="f">5285911-10</subfield>
    <subfield code="k">18.266.8.38</subfield>
    <subfield code="o">0</subfield>
    <subfield code="r">BOOK</subfield>
    <subfield code="s">18266838_</subfield>
  </datafield>
</record>
